Countries That End in RIA - Statistics

General Stats
  • This quiz has been taken 126,764 times
    126,763 since last reset
  • The average score is 3 of 6
Answer Stats
Country % Correct
Algeria
66%
Bulgaria
62%
Nigeria
59%
Syria
51%
Austria
50%
Liberia
48%
No matching quizzes found
Score Distribution
Percent of People with Each Score
Percentile by Number Answered
Your Score History
You have not taken this quiz since the last reset